Nehmotné aktíva v procese tvorby kvality dizertačná práca

Enregistré dans:
Détails bibliographiques
Auteur principal: Gubová, Klaudia, 1986-
Collectivité auteur: Fakulta podnikového manažmentu EU. Katedra manažmentu výroby a logistiky - zrušená
Autres auteurs: Leščišin, Michal
Format: Livre
Langue:slovaque
Publié: Bratislava 2014
Sujets:
Tags: Ajouter un tag
Pas de tags, Soyez le premier à ajouter un tag!

MARC

LEADER 00000nbm a2200000 4500
001 0192239
005 20240502073227.8
041 0 |a slo 
044 |a SK 
245 1 0 |a Nehmotné aktíva v procese tvorby kvality  |b dizertačná práca  |c Klaudia Gubová ; školiteľ: Michal Leščišin 
264 1 |a Bratislava  |c 2014 
300 |a 155 s. 
610 2 0 |a aktíva 
610 2 0 |a investovanie 
610 2 0 |a veda 
610 2 0 |a výskum 
610 2 0 |a inovácia 
610 2 0 |a vlastníctvo duševné 
610 2 0 |a právo patentové 
610 2 0 |a patenty 
100 1 |a Gubová, Klaudia, 1986- 
700 1 |a Leščišin, Michal 
710 2 |a Fakulta podnikového manažmentu EU. Katedra manažmentu výroby a logistiky - zrušená